Legislación social vigente. (Record no. 100250)

MARC details
000 -LEADER
campo de control de longitud fija 00564nam a2200169 i 4500
001 - NÚMERO DE CONTROL
campo de control 100250
003 - IDENTIFICADOR DE NÚMERO DE CONTROL
campo de control ES-MaACL
005 - FECHA Y HORA DE LA ÚLTIMA TRANSACCIÓN
campo de control 20230906182634.0
007 - CAMPO FIJO DE DESCRIPCIÓN FÍSICA--INFORMACIÓN GENERAL
campo de control de longitud fija t|
008 - DATOS DE LONGITUD FIJA--INFORMACIÓN GENERAL
campo de control de longitud fija 190109s1952 sp ||||1| spa d
245 00 - MENCIÓN DEL TÍTULO
Título Legislación social vigente.
Nombre de parte o sección de la obra Reglamentación nacional del trabajo en las industrias transportes por carretera.
260 ## - PUBLICACIÓN, DISTRIBUCIÓN, ETC.
Lugar de publicación, distribución, etc. Barcelona :
Nombre del editor, distribuidor, etc. [s.n.],
Fecha de publicación, distribución, etc. 1952.
300 ## - DESCRIPCIÓN FÍSICA
Extensión 138 p. ;
Dimensiones 21 cm.
500 ## - NOTA GENERAL
Nota general Hojas cambiables.
650 #4 - PUNTO DE ACCESO ADICIONAL DE MATERIA--TÉRMINO DE MATERIA
Término de materia o nombre geográfico como elemento de entrada Transportes por carretera-
Subdivisión general Personal-
-- Estatuto jurídico-
Subdivisión geográfica España.
9 (RLIN) 165908
852 ## - LOCALIZACIÓN
Ubicación ES-MaACL
Número de control de estantería P-246-1
Holdings
Estatus retirado Estado de pérdida Estado de daño No para préstamo Biblioteca de origen Biblioteca actual Ubicación en estantería Fecha de adquisición Fuente de adquisición Total de préstamos Signatura topográfica completa Código de barras Visto por última vez Precio de reemplazo Tipo de ítem Koha
        Biblioteca del Ateneo de Madrid Biblioteca del Ateneo de Madrid Depósito 2 09/01/2019     P-246-1 1199591 23/02/2023 23/02/2023 Libro impreso